| 000 | 01227cam a22003495i 4500 | ||
|---|---|---|---|
| 999 |
_c11634 _d11634 |
||
| 001 | 15055406 | ||
| 003 | EG-ScBUE | ||
| 005 | 20200119113854.0 | ||
| 008 | 071023s2008 enk f b 001 0 eng d | ||
| 020 | _a9780582784543 (pbk.) | ||
| 020 | _a0582784549 (pbk.) | ||
| 035 | _a(OCoLC)ocn176861801 | ||
| 035 | _a(OCoLC)176861801 | ||
| 040 |
_aDLC _beng _erda _cDLC _dBAKER _dC#P _dYDXCP _dBWX _dUKM _dBTCTA _dDLC _dEG-ScBUE |
||
| 082 | 0 | 4 |
_a801.950904 _bMOD _222 |
| 245 | 0 | 0 |
_aModern criticism and theory : _ba Reader / _cedited by David Lodge and Nigel Wood. |
| 250 | _aThird edition. | ||
| 264 | 1 |
_aHarlow, England : _bPearson Longman, _c2008. |
|
| 300 |
_axviii, 846 pages ; _c25 cm |
||
| 336 |
_atext _btxt _2rdacontent |
||
| 337 |
_aunmediated _bn _2rdamedia |
||
| 338 |
_avolume _bnc _2rdacarrier |
||
| 504 | _aIncludes bibliographical references and index. | ||
| 650 | 7 |
_aCriticism _xHistory _y20th century. _95269 _2BUEsh |
|
| 650 | 7 |
_aCriticism _xHistory _y21st century. _2BUEsh _95270 |
|
| 650 | 7 |
_aLiterature _xHistory and criticism _xTheory, etc. _2BUEsh _95271 |
|
| 651 | _2BUEsh | ||
| 653 | _bHHUUEENN | ||
| 700 | 1 |
_aWood, Nigel, _d1953- _eeditor. _95273 |
|
| 700 | 1 |
_aLodge, David, _d1935- _eeditor. _95272 |
|
| 942 |
_2ddc _cBB |
||